000
00300nam a2200121Ia 4500
008
211105s9999 xx 000 0 und d
020
_a
VYASA00113
100
_a
Williams Monier
245
2
_a
A Dictionary Of English And Sanskrit
250
_a
\N
260
_b
Motilal banarsidass
_c
\N
300
_a
860p.
999
_c
8244
_d
8244